| 000 | 00360nam a2200157Ia 4500 | ||
|---|---|---|---|
| 008 | 160316s2012 xxu||||| |||| 00| 0 eng d | ||
| 082 |
_a823.920000 _bSUB |
||
| 100 | _aSubramanian Ravi | ||
| 245 | _aThe bankster | ||
| 250 | _a | ||
| 260 |
_aNew Delhi _bRupa & Co. _c2012 |
||
| 300 |
_a358p _b _c |
||
| 365 | _b Gratis | ||
| 650 | _a1. Fiction | ||
| 700 |
_a _a |
||
| 999 |
_c38220 _d38220 |
||